000 00562nam a22001937a 4500
999 _c174338
_d174338
005 20200609110403.0
010 _aB-209015
020 _c160.00
_a8182231639
035 _aB-209015
037 _bBPPD/Pub.
082 _aک
100 _aمسرور جہاں
245 _aپول صراط /
_cمسرور جہاں
246 _aPul Sirat /
_bby Masroor Jahan
260 _aDelhi
_bEducational Publishing House
_c2008 ء
270 _bDelhi
_a3108, Vakil Street, Kucha Pandit, Lal Kuan
_e110006
300 _a220p.
_c21cm(Hb)
942 _2ddc
_cUR
_hک
_mم س ر